WCW Trivia #1 - Statistics

General Stats
  • This quiz has been taken 15 times
  • The average score is 12 of 15
Answer Stats
Question Answer % Correct
Who had the longest streak in WCW? (173 wins in a row) B. Goldberg
100%
Who was the mystery mastermind of The N.W.O? Eric Bischoff
93%
Who was the founders of another one of WCW's most famous stables, The N.W.O (New World Order)? Hulk Hogan, Scott Hall, Kevin Nash
93%
What was the name of The weekly WCW show that started "The Monday Night War"? Monday Nitro
93%
When The N.W.O split up into 2 teams, what was the other N.W.O team called? N.W.O Wolfpac
93%
When was WCW brought by WWE? 2001
86%
Which wrestling company was WCW originally sanctioned by? N.W.A (National Wrestling Alliance)
86%
Which former WWE wrestler won The WCW Championship at The first Bash at The Beach in 1994 after transferring from WWE to WCW not long before? Hulk Hogan
79%
Halloween Havoc is a WCW PPV that took place on Halloween and is most famous for their spooky stage designs. Which WWE brand revived Halloween Havoc? NXT
79%
When did the final Monday Nitro take place? March 26, 2001
71%
Where did The Final WCW Monday Nitro take place? Panama City Beach, Florida
71%
Starrcade is WCW's flagship PPV. Which Starrcade did the answer above's streak break? Starrcade 1998
71%
Who returned to WCW after about 2 years in WWE at the first Monday Nitro? Lex Luger
57%
Who betrayed one of WCW's most famous stables (meaning a 4-man or more tag team) The Four Horsemen in 1987, consisting of Ric Flair, Arn Anderson, Ole Anderson and Tully Blanchard? Ole Anderson
50%
What was the name of the first WCW PPV that was not sanctioned by the answer above? Superbrawl
43%
No matching quizzes found
Score Distribution
Percent of People with Each Score
Percentile by Number Answered
Your Score History
You have not taken this quiz